Symbolic and knowledge-based signal processing / (Record no. 6035)

MARC details
000 -LEADER
fixed length control field 00980nac a22002531u 4500
010 ## - LIBRARY OF CONGRESS CONTROL NUMBER
LC control number 91047100
020 ## - INTERNATIONAL STANDARD BOOK NUMBER
International Standard Book Number 0138804443
082 00 - DEWEY DECIMAL CLASSIFICATION NUMBER
Classification number 621.38220285
Item number OPP
090 ## - LOCALLY ASSIGNED LC-TYPE CALL NUMBER (OCLC); LOCAL CALL NUMBER (OCLC)
-- 6035
-- 6035
100 ## - MAIN ENTRY--PERSONAL NAME
Personal name Oppenheim, Alan V.[ed.
245 00 - TITLE STATEMENT
Title Symbolic and knowledge-based signal processing /
Statement of responsibility, etc editors, Alan V. Oppenheim and S. Hamid Nawab.
260 ## - PUBLICATION, DISTRIBUTION, ETC. (IMPRINT)
Place of publication, distribution, etc Englewood Cliffs, N.J. :
Name of publisher, distributor, etc Prentice Hall,
Date of publication, distribution, etc c1992.
300 ## - PHYSICAL DESCRIPTION
Extent xviii, 340 p. :
Other physical details ill. ;
Dimensions 25 cm.
440 #0 -
-- Prentice-Hall signal processing series
500 ## - GENERAL NOTE
General note Distributer: Al-Ahram.
504 ## - BIBLIOGRAPHY, ETC. NOTE
Bibliography, etc Includes bibliographical references and index.
511 ## - PARTICIPANT OR PERFORMER NOTE
Participant or performer note Catalogued By: Mahitab.
650 #0 - SUBJECT ADDED ENTRY--TOPICAL TERM
Topical term or geographic name as entry element Signal processing
General subdivision Equipment and supplies
-- Design.
650 #0 - SUBJECT ADDED ENTRY--TOPICAL TERM
Topical term or geographic name as entry element Signal processing
General subdivision Digital techniques
-- Data processing.
650 #0 - SUBJECT ADDED ENTRY--TOPICAL TERM
Topical term or geographic name as entry element Expert systems (Computer science)
650 #0 - SUBJECT ADDED ENTRY--TOPICAL TERM
Topical term or geographic name as entry element Logic, Symbolic and mathematical.
700 1# - ADDED ENTRY--PERSONAL NAME
Personal name Nawab, Syed Hamid.
942 ## - ADDED ENTRY ELEMENTS (KOHA)
Item type Book - Borrowing
Call number prefix 621.38220285OPP
Holdings
Withdrawn status Item status Damaged status Not for loan Home library Current library Shelving location Date acquired Source of acquisition Total Checkouts Full call number Barcode Date last seen Koha item type
        Central Library Central Library First floor 07/11/2012 Purchase   621.38220285OPP 000007693 15/07/2025 Book - Borrowing